| 000 | 00445nam a22001457a 4500 | ||
|---|---|---|---|
| 008 | 230525b |||||||| |||| 00| 0 eng d | ||
| 040 |
_aNational Science Library _cNational Science Library |
||
| 080 |
_aR 331-057.86+339.1-051(545) _bM8 |
||
| 245 |
_aNew Delhi yellow pages _c/ ABI Overseas Limited |
||
| 260 |
_aNew Delhi: _bABI Overseas Limited, _c1988 |
||
| 300 | _alxiii, 726p. | ||
| 650 | _aEconomic | ||
| 653 | _aPages | ||
| 942 |
_2udc _cREF |
||
| 999 |
_c34704 _d34704 |
||